LEADER 01197nam a2200325 a 4500 001 000000138444 003 CaOOAMICUS 005 20140515125003.0 008 140515s2014 fr u000 u fre r 020 $z978-2-063019-7* 040 $aPUL$bita 082 04$a189 100 1 $aLibera, Alain de,$d1948-$0(OLS)http://pul/name/581 245 13$aLa philosophie médiévale /$cAlain de Libera. 250 $a2e éd. 260 $aParis :$bPUF,$c2014. 300 $aXVI, 547 p. ;$c19 cm 490 1 $aQuadrige 504 $aBibliografia in nota. 650 4$aFilosofia medievale.$0(OLS)http://pul/subject/139 830 0$aQuadrige (Presses universitaires de France).$0(OLS)http://pul/title/102993 850 $aPUL 852 $aPUL$W1$xSL Filosofia 3$y81$m189 DELAL 2$j159659$qDDC 21$B159197$CPULBib$Z2$F159197 $H123985 $82 941 1 $a9 960 $aFilosofia medioevale$9139 996 $6020$z978-2-063019-7*$9(OLS)http://pul/number/155286 996 $6082$a189$9(OLS)http://pul/classification/439 996 $6245$aLa philosophie médiévale$9(OLS)http://pul/title/175246 996 $6260$aParis :$bPUF$9(OLS)http://pul/publisher/53060 LEADER 01827nam a2200373 u 4500 001 000000016947 003 CaOOAMICUS 005 20070226110042.0 008 941221s1986 fr u000 u fre u 020 $a2204026905 :$c147F 035 $a10397284 040 $aPUL(R)$bita 041 1 $afre$agrc 100 0 $aEusebius Caesariensis,$cvesc.,$dc. 260/265-339/340.$0(OLS)http://pul/name/4567 240 10$aContra Hieroclem$9(Eusebius Caesariensis, vesc., 260/265-339/340).$lFrancese e greco.$0(OLS)http://pul/title/24233 245 10$aContre Hiéroclès /$cEusèbe de Césarée ; introduction, traduction et notes par Marguerite Forrat ; texte grec établi par Edouard des Places. 260 $aParis :$bLes Éditions du Cerf,$c1986. 300 $a236 p. ;$c20 cm 490 1 $aSources chrétiennes ;$v333 500 $aInclude indici. 504 $aBibliography: p. [91]-95. 600 10$aHierocles, Sossianus,$dfl. 293-311$xViews on Christianity.$2//eng$0(OLS)http://pul/subject/11994 650 0$aApologetics$xHistory$yEarly church, ca. 30-600.$2//eng$0(OLS)http://pul/subject/3188 700 1 $aDes Places, Edouard,$cS.I.,$d1900-$0(OLS)http://pul/name/926 700 1 $aForrat, Marguerite.$0(OLS)http://pul/name/15354 830 0$aSources chrétiennes ;$v333.$0(OLS)http://pul/title/45 850 $aPUL 852 $aPUL$W1$xSL Religione 2$y84$mTheol E3 333$j23884$nBK-PRI$b $qStampati altre collocazioni$B23884$CPULBib$Z2$F23884 $H $81 900 $aEusebio di Cesarea,$cvesc. di Cesarea,$dc. 265-c. 340$94567 941 1 $a10 961 $aINV: 61653 996 $6020$a2204026905 :$c147F$9(OLS)http://pul/number/21807 996 $6245$aContre Hiéroclès$9(OLS)http://pul/title/24234 996 $6260$aParis :$bLes Éditions du Cerf$9(OLS)http://pul/publisher/47861